La roja insignia del valor / Stephen Crane

Novela de ficción bélica que se encuentra ambientada en el periodo de la guerra civil estadounidense, gira en torno a un joven soldado cuyos miedos saldrán a flote antes de entrar en combate. La Roja Insignia del Valor, libro escrito en 1895 por Stephen Crane, es un clásico realista que cambia el cu...

Cijeli opis

Spremljeno u:
Bibliografski detalji
Glavni autor: Crane, Stephen
Format: Knjiga
Jezik:Undetermined
Izdano: San José, Costa Rica Editorial Costa Rica 1977
Teme:
Oznake: Dodaj oznaku
Bez oznaka, Budi prvi tko označuje ovaj zapis!

MARC

LEADER 00000nam a2200000Ia 4500
008 170316s9999 xx 000 0 und d
040 |a cru BVZT 
090 |a 810 C-24r 
100 |a Crane, Stephen 
245 |a La roja insignia del valor / Stephen Crane 
260 |a San José, Costa Rica 
260 |b Editorial Costa Rica 
260 |c 1977 
300 |a 252 páginas 
520 |a Novela de ficción bélica que se encuentra ambientada en el periodo de la guerra civil estadounidense, gira en torno a un joven soldado cuyos miedos saldrán a flote antes de entrar en combate. La Roja Insignia del Valor, libro escrito en 1895 por Stephen Crane, es un clásico realista que cambia el curso de la literatura bélica, debido a su forma tan viva de tratar temas como la muerte, la victoria, la derrota y el heroísmo. 
650 |a LITERATURA ESTADOUNIDENSE  |9 25 
999 |c 20908  |d 20908 
942 |c 15 D  |h 810 C-24r  |2 z